Statistics for Arsenal Squad 2017/18

Click here to take the quiz!

General Stats

  • This quiz has been taken 7 times
  • The average score is 20 of 38

Answer Stats

PositionAnswer% Correct
GKPetr Cech
100%
CMAaron Ramsey
86%
STAlexandre Lacazette
86%
RWAlex Oxlade-Chamberlain
86%
ManagerArsene Wenger
86%
RBHector Bellerin
86%
CAMMesut Ozil
86%
STOlivier Giroud
86%
RWTheo Walcott
86%
LWAlexis Sanchez
71%
STDanny Welbeck
71%
GKDavid Ospina
71%
CMMohamed Elneny
71%
LBNacho Monreal
71%
CBRob Holding
71%
CMGranit Xhaka
57%
LBKieran Gibbs
57%
CBLaurent Koscielny
57%
CMSanti Cazorla
57%
CBShkodran Mustafi
57%
LWAlex Iwobi
43%
CBCalum Chambers
43%
CMJack Wilshere
43%
RBMathieu Debuchy
43%
GKMatthew Macey
43%
CBPer Mertesacker
43%
LBSead Kolasinac
43%
RBCarl Jenkinson
29%
CMFrancis Coquelin
29%
RWJoel Campbell
29%
STLucas Perez
29%
STChuba Akpom
14%
LBCohen Bramall
14%
CMJeff Reine-Adelaide
14%
RWReiss Nelson
14%
CAMJon Toral
0%
CMJosh Dasilva
0%
CBKrystian Bielik
0%

Score Distribution

Percentile by Number Answered

Percent of People with Each Score

Your Score History

You have not taken this quiz